000 00536nam a2200193Ia 4500
005 20250923144823.0
008 008 250917s9999 xx 000 0 eng d
037 _aTextual
040 _aDSWL
_beng
_cDSWL
041 _aeng
_2eng
084 _qDSWL
245 4 _aThe economic background of social policy including problems of Industrialisation
_cby International Labour Office
260 _aGeneva
_bI.L.O.
_c1947
300 _aii,221p.
365 _aINR
_b5
925 _g5
942 _cTEXL
999 _c1443772
_d1443772